000 00303 a2200109 4500
020 _a9789359629117
100 _aSheela Tomy
245 _aKilinochiyile salabhangal (കിളിനോച്ചിയിലെ ശലഭങ്ങൾ)
250 _a2nd
260 _bMathrubhumi books
_c2025
942 _cOO
999 _c115787
_d115786